Hľadanie priestoru medzi univerzitami EÚ

Spolupráca medzi Ekonomickou univerzitou v Bratislave a Univerzitou Hamburg. Otázka medzinárodného uznania Ekonomickej univerzity v Bratislave v rámci univerzít EÚ - projekt evalvácie. Prvý krok k spolupráci s Univerzitou v Pekingu, v Číne. Víťazi súťaže o Vontoblovu cenu, udelenú v školskom roku 20...

Descripción completa

Guardado en:
Detalles Bibliográficos
Autor principal: Kollár, Vojtech
Formato: Capítulo de libro
Lenguaje:eslovaco
Materias:
Etiquetas: Agregar Etiqueta
Sin Etiquetas, Sea el primero en etiquetar este registro!

MARC

LEADER 00000naa a2200000 4500
001 r047153
005 20230825103652.8
041 0 |a slo 
044 |a SK 
245 1 0 |a Hľadanie priestoru medzi univerzitami EÚ  |c Vojtech Kollár 
520 |a Spolupráca medzi Ekonomickou univerzitou v Bratislave a Univerzitou Hamburg. Otázka medzinárodného uznania Ekonomickej univerzity v Bratislave v rámci univerzít EÚ - projekt evalvácie. Prvý krok k spolupráci s Univerzitou v Pekingu, v Číne. Víťazi súťaže o Vontoblovu cenu, udelenú v školskom roku 2001/2002. 
610 2 0 |a univerzity 
610 2 0 |a spolupráca medzinárodná 
610 2 0 |a Slovensko 
610 2 0 |a Nemecko 
610 2 0 |a Čína 
610 2 0 |a Európska únia 
100 1 |a Kollár, Vojtech